000 00394nam a2200157Ia 4500
008 230711s9999||||xx |||||||||||||| ||und||
041 _aENG
082 _a621
_bMA-T
100 _aMartin,James
245 0 _aTelecommunication and the computer
250 _a3rd Ed.
260 _c2006
_aNew Delhi
_bPHI Learning Private Limited
300 _a720
650 _aComputer Engineering
942 _cBK
999 _c4553
_d4553